Statistics for Top 25 Popular Anime TV Shows

Click here to take the quiz!

General Stats

  • This quiz has been taken 6,628 times
    (6,625 since last reset)
  • The average score is 6 of 25

Answer Stats

#Answer% Correct
8Naruto
93%
3One Piece
79%
2Bleach
76%
5Death Note
56%
15Fullmetal Alchemist
50%
4Fairy Tail
48%
10Code Geass
27%
1Naruto Shippuden
22%
19Inuyasha
20%
11Soul Eater
18%
24Gintama
16%
6FullMetal Alchemist Brotherhood
14%
12Ouran High School Host Club
10%
9Detective Conan
9%
20Fruits Basket
9%
16Vampire Knight
8%
23Samurai Champloo
6%
13D. Gray-man
6%
18Ao no Exorcist
6%
21Kuroshitsuji
5%
22Rurouni Kenshin
3%
7Katekyo Hitman Reborn!
3%
17Code Geass R2
2%
14Kaichou wa Maid-sama!
2%
25Vampire Knight Guilty
1%

Score Distribution

Percentile by Number Answered

Percent of People with Each Score

Your Score History

You have not taken this quiz since the last reset